[Event "DVM U16 2023"]
[Site "Magdeburg GER"]
[Date "2023.12.29"]
[Round "6"]
[White "Fuhrmann, Bahne"]
[Black "Beyer, Lorenz"]
[Result "1/2-1/2"]
[Termination "normal"]
[Board "4.1"]
[WhiteElo "2032"]
[BlackElo "2109"]
[WhiteClock "00:20:30"]
[BlackClock "00:23:21"]
[WhiteTeam "Hamburger SK 1830"]
[BlackTeam "Barnimer SF im SV Stahl Finow"]
[PlyCount "93"]
[WhiteFideId "16244842"]
[BlackFideId "16245393"]
[EventCountry "GER"]
[EventRounds "7"]
[EventType "team-swiss"]
[EventDate "2023.12.26"]

1. e4 {[%clk 01:30:58]} e6 {[%clk 01:30:29]} {[%emt 00:00:32]} 2. d4 {[%clk
01:31:24]} {[%emt 00:00:04]} d5 {[%clk 01:30:56]} {[%emt 00:00:03]} 3. exd5
{[%clk 01:31:49]} {[%emt 00:00:05]} exd5 {[%clk 01:31:23]} {[%emt 00:00:03]} 4.
Nf3 {[%clk 01:32:14]} {[%emt 00:00:05]} Bd6 {[%clk 01:31:49]} {[%emt 00:00:03]}
5. c4 {[%clk 01:32:39]} {[%emt 00:00:06]} c6 {[%clk 01:31:53]} {[%emt
00:00:27]} 6. Nc3 {[%clk 01:33:01]} {[%emt 00:00:07]} Ne7 {[%clk 01:32:05]}
{[%emt 00:00:18]} 7. Bd3 {[%clk 01:33:25]} {[%emt 00:00:05]} O-O {[%clk
01:29:01]} {[%emt 00:03:34]} 8. O-O {[%clk 01:33:50]} {[%emt 00:00:05]} dxc4
{[%clk 01:28:25]} {[%emt 00:01:06]} 9. Bxc4 {[%clk 01:34:15]} {[%emt 00:00:05]}
Bf5 {[%clk 01:25:03]} {[%emt 00:03:52]} 10. Re1 {[%clk 01:29:58]} {[%emt
00:04:47]} Nd7 {[%clk 01:05:54]} {[%emt 00:19:39]} 11. Nh4 {[%clk 01:28:41]}
{[%emt 00:01:47]} Bg6 {[%clk 01:04:33]} {[%emt 00:01:50]} 12. Bg5 {[%clk
01:26:17]} {[%emt 00:02:54]} Nb6 {[%clk 01:03:38]} {[%emt 00:01:26]} 13. Bb3
{[%clk 01:26:12]} {[%emt 00:00:35]} Qd7 {[%clk 00:58:22]} {[%emt 00:05:46]} 14.
Nxg6 {[%clk 01:13:19]} {[%emt 00:13:23]} Nxg6 {[%clk 00:58:09]} {[%emt
00:00:43]} 15. Qd2 {[%clk 01:09:09]} {[%emt 00:04:41]} Be7 {[%clk 00:48:49]}
{[%emt 00:09:50]} 16. Rad1 {[%clk 01:05:22]} {[%emt 00:04:16]} Rfe8 {[%clk
00:26:23]} {[%emt 00:22:57]} 17. h4 {[%clk 00:57:13]} {[%emt 00:08:39]} Qf5
{[%clk 00:19:08]} {[%emt 00:07:44]} 18. Bc2 {[%clk 00:54:28]} {[%emt 00:03:15]}
Bxg5 {[%clk 00:16:47]} {[%emt 00:02:52]} 19. hxg5 {[%clk 00:53:12]} {[%emt
00:01:47]} Qg4 {[%clk 00:10:09]} {[%emt 00:36:40]} 20. f3 {[%clk 00:36:13]} Qd7
{[%clk 00:08:24]} 21. Bb3 {[%clk 00:36:10]} Ne7 {[%clk 00:04:23]} 22. Re4
{[%clk 00:33:52]} Nf5 {[%clk 00:01:01]} {[%emt 00:01:55]} 23. d5 {[%clk
00:31:11]} {[%emt 00:03:11]} cxd5 {[%clk 00:01:14]} {[%emt 00:00:17]} 24. Bxd5
{[%clk 00:26:33]} {[%emt 00:05:08]} Nxd5 {[%clk 00:01:14]} {[%emt 00:00:30]}
25. Qxd5 {[%clk 00:22:41]} {[%emt 00:04:22]} Qxd5 {[%clk 00:01:36]} {[%emt
00:00:08]} 26. Rxd5 {[%clk 00:23:04]} {[%emt 00:00:06]} g6 {[%clk 00:00:31]}
{[%emt 00:01:35]} 27. Rd7 {[%clk 00:23:08]} {[%emt 00:00:26]} Red8 {[%clk
00:00:32]} {[%emt 00:00:30]} 28. Rd5 {[%clk 00:19:17]} {[%emt 00:04:20]} Kf8
{[%clk 00:00:32]} {[%emt 00:00:31]} 29. Rde5 {[%clk 00:12:06]} {[%emt
00:07:40]} Re8 {[%clk 00:00:32]} {[%emt 00:00:31]} 30. Nd5 {[%clk 00:10:15]}
{[%emt 00:02:20]} Rxe5 {[%clk 00:00:32]} {[%emt 00:00:29]} 31. Rxe5 {[%clk
00:10:35]} {[%emt 00:00:09]} h6 {[%clk 00:00:32]} {[%emt 00:00:32]} 32. gxh6
{[%clk 00:06:58]} {[%emt 00:04:07]} Nxh6 {[%clk 00:00:54]} {[%emt 00:00:07]}
33. g4 {[%clk 00:07:23]} {[%emt 00:00:05]} Re8 {[%clk 00:00:45]} {[%emt
00:00:39]} 34. Rxe8+ {[%clk 00:07:02]} {[%emt 00:00:51]} Kxe8 {[%clk 00:01:14]}
{[%emt 00:00:01]} 35. Kf2 {[%clk 00:07:23]} {[%emt 00:00:10]} f5 {[%clk
00:01:01]} {[%emt 00:00:43]} 36. g5 {[%clk 00:07:32]} {[%emt 00:00:21]} Nf7
{[%clk 00:01:26]} {[%emt 00:00:05]} 37. f4 {[%clk 00:07:49]} {[%emt 00:00:13]}
Nd6 {[%clk 00:01:35]} {[%emt 00:00:21]} 38. b3 {[%clk 00:07:56]} {[%emt
00:00:23]} Kf7 {[%clk 00:01:16]} {[%emt 00:00:48]} 39. Ke3 {[%clk 00:07:19]}
{[%emt 00:01:07]} Ke6 {[%clk 00:00:32]} {[%emt 00:01:15]} 40. Nb4 {[%clk
00:07:36]} {[%emt 00:00:12]} Nf7 {[%clk 00:00:31]} {[%emt 00:00:32]} 41. Kd4
{[%clk 00:07:01]} {[%emt 00:01:04]} Kd6 {[%clk 00:30:13]} {[%emt 00:00:47]} 42.
Nd3 {[%clk 00:36:52]} {[%emt 00:00:40]} b6 {[%clk 00:28:49]} {[%emt 00:01:54]}
43. Kc4 {[%clk 00:34:45]} {[%emt 00:02:37]} a6 {[%clk 00:27:35]} {[%emt
00:01:43]} 44. Nb4 {[%clk 00:33:14]} {[%emt 00:02:01]} Nd8 {[%clk 00:27:21]}
{[%emt 00:00:44]} 45. Kd4 {[%clk 00:25:21]} {[%emt 00:08:24]} Ne6+ {[%clk
00:23:19]} {[%emt 00:04:33]} 46. Ke3 {[%clk 00:25:15]} {[%emt 00:00:35]} Nc5
{[%clk 00:23:21]} {[%emt 00:00:28]} 47. Kd4 {[%clk 00:20:30]} {[%emt 00:05:15]}
1/2-1/2

[Event "DVM U16 2023"]
[Site "Magdeburg GER"]
[Date "2023.12.29"]
[Round "6"]
[White "Hoffmann, Kay"]
[Black "Krüger, Arthur"]
[Result "1/2-1/2"]
[Termination "normal"]
[Board "4.2"]
[WhiteElo "2088"]
[BlackElo "1886"]
[WhiteTeam "Barnimer SF im SV Stahl Finow"]
[BlackTeam "Hamburger SK 1830"]
[PlyCount "65"]
[WhiteFideId "16227000"]
[BlackFideId "16244966"]
[EventCountry "GER"]
[EventRounds "7"]
[EventType "team-swiss"]
[EventDate "2023.12.26"]

1. d4 Nf6 2. c4 e6 3. Nf3 d5 4. g3 Be7 5. Bg2 O-O 6. O-O c6 7. Nbd2 b6 8. Qc2
Bb7 9. e4 Nxe4 10. Nxe4 dxe4 11. Qxe4 Nd7 12. b3 Qc7 13. Bf4 Bd6 14. Ne5 Nxe5
15. Bxe5 Bxe5 16. dxe5 Rfd8 17. Rfd1 Rab8 18. Qe2 c5 19. Bxb7 Rxb7 20. Rd3 Rxd3
21. Qxd3 Qd7 22. Rd1 Qxd3 23. Rxd3 g6 24. Rd8+ Kg7 25. a4 f6 26. Rd6 Kf7 27. f4
fxe5 28. fxe5 Ke7 29. Kg2 Rb8 30. Kf3 h6 31. Ke3 Rd8 32. Rc6 Kd7 33. Rd6+
1/2-1/2

[Event "DVM U16 2023"]
[Site "Magdeburg GER"]
[Date "2023.12.29"]
[Round "6"]
[White "Tietz, Bennit"]
[Black "Studzinski, Bruno"]
[Result "1/2-1/2"]
[Termination "normal"]
[Board "4.3"]
[WhiteElo "1793"]
[BlackElo "1576"]
[WhiteClock "00:01:57"]
[BlackClock "00:00:36"]
[WhiteTeam "Hamburger SK 1830"]
[BlackTeam "Barnimer SF im SV Stahl Finow"]
[PlyCount "105"]
[WhiteFideId "16286936"]
[BlackFideId "16296478"]
[EventCountry "GER"]
[EventRounds "7"]
[EventType "team-swiss"]
[EventDate "2023.12.26"]

1. e4 {[%emt 00:07:55]} e5 {[%clk 01:30:51]} {[%emt 00:00:07]} 2. Nf3 {[%clk
01:31:18]} {[%emt 00:00:09]} Nf6 {[%clk 01:31:15]} {[%emt 00:00:06]} 3. Nxe5
{[%clk 01:31:10]} {[%emt 00:00:38]} d6 {[%clk 01:31:37]} {[%emt 00:00:08]} 4.
Nf3 {[%clk 01:31:34]} {[%emt 00:00:06]} Nxe4 {[%clk 01:32:03]} {[%emt
00:00:04]} 5. d4 {[%clk 01:31:57]} {[%emt 00:00:07]} d5 {[%clk 01:32:28]}
{[%emt 00:00:05]} 6. Bd3 {[%clk 01:32:13]} {[%emt 00:00:14]} Bd6 {[%clk
01:32:53]} {[%emt 00:00:05]} 7. O-O {[%clk 01:32:32]} {[%emt 00:00:10]} O-O
{[%clk 01:33:17]} {[%emt 00:00:06]} 8. c4 {[%clk 01:32:49]} {[%emt 00:00:13]}
c6 {[%clk 01:33:31]} {[%emt 00:00:16]} 9. Nc3 {[%clk 01:32:55]} {[%emt
00:00:24]} Nxc3 {[%clk 01:33:54]} {[%emt 00:00:07]} 10. bxc3 {[%clk 01:33:15]}
{[%emt 00:00:10]} dxc4 {[%clk 01:34:22]} {[%emt 00:00:03]} 11. Bxc4 {[%clk
01:33:25]} {[%emt 00:00:19]} Bf5 {[%clk 01:34:51]} {[%emt 00:00:02]} 12. Re1
{[%clk 01:30:54]} {[%emt 00:03:01]} Nd7 {[%clk 01:33:50]} {[%emt 00:01:31]} 13.
Bg5 {[%clk 01:30:51]} {[%emt 00:00:33]} Qa5 {[%clk 01:34:07]} {[%emt 00:00:14]}
14. Bd3 {[%clk 01:19:36]} {[%emt 00:11:44]} Rfe8 {[%clk 01:22:15]} {[%emt
00:12:22]} 15. Qc2 {[%clk 01:14:31]} {[%emt 00:05:36]} Bxd3 {[%clk 01:22:02]}
{[%emt 00:00:43]} 16. Qxd3 {[%clk 01:14:57]} {[%emt 00:00:03]} h6 {[%clk
01:19:11]} {[%emt 00:03:22]} 17. Bd2 {[%clk 01:13:23]} {[%emt 00:02:04]} Nf6
{[%clk 01:16:53]} {[%emt 00:02:47]} 18. c4 {[%clk 01:10:33]} {[%emt 00:03:19]}
Qd8 {[%clk 01:15:12]} {[%emt 00:02:09]} 19. Bc3 {[%clk 01:04:50]} {[%emt
00:06:16]} Qd7 {[%clk 01:09:08]} {[%emt 00:06:28]} 20. Rad1 {[%clk 00:58:37]}
{[%emt 00:06:49]} Rxe1+ {[%clk 01:05:34]} {[%emt 00:04:04]} 21. Rxe1 {[%clk
00:53:41]} {[%emt 00:05:25]} Re8 {[%clk 00:44:01]} {[%emt 00:22:03]} 22. Qd2
{[%clk 00:33:00]} {[%emt 00:21:12]} Rxe1+ {[%clk 00:37:54]} {[%emt 00:06:36]}
23. Qxe1 {[%clk 00:32:55]} {[%emt 00:00:34]} Kf8 {[%clk 00:30:05]} {[%emt
00:33:24]} 24. d5 {[%clk 00:11:00]} Ne8 {[%clk 00:19:39]} {[%emt 00:08:17]} 25.
Ne5 {[%clk 00:02:40]} {[%emt 00:08:49]} Bxe5 {[%clk 00:17:45]} {[%emt
00:02:25]} 26. Qxe5 {[%clk 00:03:08]} {[%emt 00:00:02]} Qd6 {[%clk 00:10:32]}
{[%emt 00:07:40]} 27. f4 {[%clk 00:02:28]} {[%emt 00:01:09]} f6 {[%clk
00:10:05]} {[%emt 00:01:01]} 28. Qxd6+ {[%clk 00:00:48]} {[%emt 00:02:10]} Nxd6
{[%clk 00:09:48]} {[%emt 00:00:46]} 29. Bb4 {[%clk 00:01:04]} {[%emt 00:00:14]}
Ke7 {[%clk 00:09:58]} {[%emt 00:00:20]} 30. c5 {[%clk 00:01:31]} {[%emt
00:00:03]} Ne4 {[%clk 00:09:36]} {[%emt 00:00:50]} 31. d6+ {[%clk 00:01:56]}
{[%emt 00:00:07]} Kd7 {[%clk 00:09:56]} {[%emt 00:00:09]} 32. Kf1 {[%clk
00:00:54]} {[%emt 00:01:33]} b6 {[%clk 00:10:02]} {[%emt 00:00:25]} 33. cxb6
{[%clk 00:00:55]} {[%emt 00:00:30]} axb6 {[%clk 00:10:31]} 34. a4 {[%clk
00:00:48]} {[%emt 00:00:37]} c5 {[%clk 00:09:09]} {[%emt 00:01:51]} 35. a5
{[%clk 00:00:48]} {[%emt 00:00:31]} bxa5 {[%clk 00:06:11]} {[%emt 00:03:28]}
36. Bxa5 {[%clk 00:01:16]} {[%emt 00:00:02]} Kxd6 {[%clk 00:06:11]} {[%emt
00:00:29]} 37. Ke2 {[%clk 00:01:44]} {[%emt 00:00:02]} f5 {[%clk 00:04:27]}
{[%emt 00:02:14]} 38. h3 {[%clk 00:01:02]} {[%emt 00:01:13]} h5 {[%clk
00:03:33]} {[%emt 00:01:24]} 39. Ke3 {[%clk 00:00:34]} {[%emt 00:00:59]} Kd5
{[%clk 00:03:43]} {[%emt 00:00:19]} 40. Bd8 {[%clk 00:00:36]} {[%emt 00:00:28]}
Kc4 {[%clk 00:01:59]} {[%emt 00:02:14]} 41. g4 {[%clk 00:27:39]} {[%emt
00:03:27]} g6 {[%clk 00:31:26]} {[%emt 00:01:04]} 42. gxf5 {[%clk 00:16:45]}
{[%emt 00:11:24]} gxf5 {[%clk 00:31:40]} {[%emt 00:00:16]} 43. Bb6 {[%clk
00:15:40]} {[%emt 00:01:34]} Nf6 {[%clk 00:27:45]} {[%emt 00:04:22]} 44. Kf3
{[%clk 00:13:03]} {[%emt 00:03:11]} Ne4 {[%clk 00:24:22]} {[%emt 00:03:53]} 45.
Ke3 {[%clk 00:13:30]} {[%emt 00:00:02]} Kb3 {[%clk 00:09:18]} {[%emt 00:15:32]}
46. Kd3 {[%clk 00:08:38]} {[%emt 00:05:24]} c4 {[%clk 00:05:13]} {[%emt
00:04:35]} 47. Kd4 {[%clk 00:07:33]} {[%emt 00:01:37]} Nf2 {[%clk 00:00:45]}
{[%emt 00:04:58]} 48. Ke3 {[%clk 00:05:39]} {[%emt 00:02:23]} Nxh3 {[%clk
00:00:56]} {[%emt 00:00:19]} 49. Kf3 {[%clk 00:04:38]} {[%emt 00:01:31]} c3
{[%clk 00:00:33]} {[%emt 00:00:54]} 50. Be3 {[%clk 00:03:08]} {[%emt 00:02:00]}
c2 {[%clk 00:00:36]} {[%emt 00:00:27]} 51. Kg3 {[%clk 00:01:57]} {[%emt
00:01:39]} Nxf4 {[%emt 00:00:32]} 52. Kg2 {[%emt 00:01:11]} Nh3 {[%emt
00:00:03]} 53. Kg3 1/2-1/2

[Event "DVM U16 2023"]
[Site "Magdeburg GER"]
[Date "2023.12.29"]
[Round "6"]
[White "Beduschi, Ben"]
[Black "Malchereck, Zion"]
[Result "1-0"]
[Termination "normal"]
[Board "4.4"]
[WhiteElo "1638"]
[BlackElo "1792"]
[WhiteClock "00:01:30"]
[BlackClock "00:06:29"]
[WhiteTeam "Barnimer SF im SV Stahl Finow"]
[BlackTeam "Hamburger SK 1830"]
[PlyCount "83"]
[WhiteFideId "16273443"]
[BlackFideId "16269233"]
[EventCountry "GER"]
[EventRounds "7"]
[EventType "team-swiss"]
[EventDate "2023.12.26"]

1. d4 {[%clk 01:30:40]} {[%emt 00:00:19]} Nf6 {[%clk 01:30:51]} {[%emt
00:00:08]} 2. Nf3 {[%clk 01:31:06]} {[%emt 00:00:06]} g6 {[%clk 01:30:55]}
{[%emt 00:00:27]} 3. Bf4 {[%clk 01:31:31]} {[%emt 00:00:05]} Bg7 {[%clk
01:31:06]} {[%emt 00:00:18]} 4. e3 {[%clk 01:31:56]} {[%emt 00:00:05]} O-O
{[%clk 01:31:17]} {[%emt 00:00:19]} 5. Be2 {[%clk 01:32:22]} {[%emt 00:00:04]}
d6 {[%clk 01:31:34]} {[%emt 00:00:11]} 6. h3 {[%clk 01:32:48]} {[%emt
00:00:05]} Nc6 {[%clk 01:31:33]} {[%emt 00:00:31]} 7. c4 {[%clk 01:33:08]}
{[%emt 00:00:10]} e5 {[%clk 01:30:58]} {[%emt 00:01:04]} 8. dxe5 {[%clk
01:19:45]} {[%emt 00:13:53]} Ne4 {[%clk 01:30:50]} {[%emt 00:00:38]} 9. O-O
{[%clk 00:53:09]} {[%emt 00:27:07]} dxe5 {[%clk 01:29:58]} {[%emt 00:01:21]}
10. Bh2 {[%clk 00:52:40]} {[%emt 00:00:59]} Qe7 {[%clk 01:30:02]} {[%emt
00:00:26]} 11. a3 {[%clk 00:41:31]} {[%emt 00:11:40]} Rd8 {[%clk 01:29:48]}
{[%emt 00:00:43]} 12. Qc2 {[%clk 00:41:22]} {[%emt 00:00:40]} Nc5 {[%clk
01:25:25]} {[%emt 00:04:51]} 13. Nc3 {[%clk 00:36:03]} {[%emt 00:05:51]} Be6
{[%clk 01:12:19]} {[%emt 00:13:36]} 14. b4 {[%clk 00:35:32]} {[%emt 00:01:01]}
Nd7 {[%clk 01:11:03]} {[%emt 00:01:45]} 15. Rad1 {[%clk 00:33:41]} {[%emt
00:02:19]} Rac8 {[%clk 01:04:13]} {[%emt 00:07:23]} 16. e4 {[%clk 00:23:05]}
{[%emt 00:11:06]} a6 {[%clk 01:01:20]} {[%emt 00:03:23]} 17. Nd5 {[%clk
00:23:00]} {[%emt 00:00:35]} Qe8 {[%clk 00:57:42]} {[%emt 00:04:06]} 18. Qb1
{[%clk 00:17:10]} {[%emt 00:06:22]} Ne7 {[%clk 00:40:14]} {[%emt 00:42:25]} 19.
Rfe1 {[%clk 00:14:42]} c6 {[%clk 00:39:00]} 20. Nxe7+ Qxe7 {[%clk 00:38:55]}
21. c5 {[%clk 00:15:26]} Kh8 {[%clk 00:25:31]} 22. Nd2 {[%clk 00:12:10]} f5
{[%clk 00:14:19]} {[%emt 00:10:28]} 23. Bc4 {[%clk 00:12:12]} {[%emt 00:00:28]}
f4 {[%clk 00:14:17]} {[%emt 00:00:32]} 24. Bxe6 {[%clk 00:12:25]} {[%emt
00:00:16]} Qxe6 {[%clk 00:14:37]} {[%emt 00:00:11]} 25. Qc2 {[%clk 00:12:17]}
{[%emt 00:00:38]} Bf8 {[%clk 00:10:58]} {[%emt 00:04:08]} 26. Qc3 {[%clk
00:12:02]} {[%emt 00:00:45]} Nf6 {[%clk 00:10:38]} {[%emt 00:00:50]} 27. Nc4
{[%clk 00:08:57]} {[%emt 00:03:36]} Nxe4 {[%clk 00:08:24]} {[%emt 00:02:44]}
28. Qxe5+ {[%clk 00:09:14]} {[%emt 00:00:13]} Qxe5 {[%clk 00:08:27]} {[%emt
00:00:27]} 29. Nxe5 {[%clk 00:09:39]} {[%emt 00:00:06]} Rxd1 {[%clk 00:07:54]}
{[%emt 00:01:02]} 30. Rxd1 {[%clk 00:10:07]} {[%emt 00:00:02]} g5 {[%clk
00:07:31]} {[%emt 00:00:53]} 31. Rd4 {[%clk 00:07:11]} {[%emt 00:03:27]} Nf6
{[%clk 00:06:29]} {[%emt 00:01:30]} 32. Nf7+ {[%clk 00:07:17]} {[%emt
00:00:26]} Kg8 {[%clk 00:06:51]} {[%emt 00:00:06]} 33. Nxg5 {[%clk 00:06:52]}
{[%emt 00:00:57]} Nd5 {[%clk 00:07:14]} {[%emt 00:00:06]} 34. Re4 {[%clk
00:04:46]} {[%emt 00:02:36]} Bh6 {[%clk 00:06:08]} {[%emt 00:01:36]} 35. Bxf4
{[%clk 00:00:59]} {[%emt 00:04:17]} Nxf4 {[%clk 00:06:18]} {[%emt 00:00:20]}
36. Rxf4 {[%clk 00:01:25]} {[%emt 00:00:05]} Bxg5 {[%clk 00:06:40]} {[%emt
00:00:06]} 37. Rg4 {[%clk 00:01:53]} {[%emt 00:00:03]} Kf7 {[%clk 00:06:28]}
{[%emt 00:00:42]} 38. Rxg5 {[%clk 00:02:16]} {[%emt 00:00:07]} a5 {[%clk
00:06:52]} {[%emt 00:00:06]} 39. Rg4 {[%clk 00:02:22]} {[%emt 00:00:25]} Kf6
{[%clk 00:06:19]} {[%emt 00:01:02]} 40. Rd4 {[%clk 00:02:41]} {[%emt 00:00:11]}
axb4 {[%clk 00:06:10]} {[%emt 00:00:39]} 41. axb4 {[%clk 00:01:55]} {[%emt
00:01:15]} Rc7 {[%clk 00:06:29]} {[%emt 00:00:11]} 42. f4 {[%clk 00:01:30]}
{[%emt 00:00:55]} 1-0

[Event "DVM U16 2023"]
[Site "Magdeburg GER"]
[Date "2023.12.29"]
[Round "6"]
[White "Semling, Johannes"]
[Black "Burns, Mikala Tristan"]
[Result "1-0"]
[Termination "normal"]
[Board "5.1"]
[WhiteElo "2147"]
[BlackElo "1819"]
[WhiteClock "00:12:36"]
[BlackClock "00:12:46"]
[WhiteTeam "OSG Baden-Baden"]
[BlackTeam "SG Grün-Weiß Dresden"]
[PlyCount "59"]
[WhiteFideId "16290151"]
[BlackFideId "16288459"]
[EventCountry "GER"]
[EventRounds "7"]
[EventType "team-swiss"]
[EventDate "2023.12.26"]

1. Nf3 {[%clk 01:30:49]} {[%emt 00:00:09]} Nf6 {[%clk 01:30:55]} {[%emt
00:00:06]} 2. g3 {[%clk 01:31:13]} {[%emt 00:00:07]} g6 {[%clk 01:31:22]}
{[%emt 00:00:04]} 3. b3 {[%clk 01:31:38]} {[%emt 00:00:04]} Bg7 {[%clk
01:31:48]} {[%emt 00:00:05]} 4. Bb2 {[%clk 01:32:03]} {[%emt 00:00:04]} O-O
{[%clk 01:32:06]} {[%emt 00:00:11]} 5. Bg2 {[%clk 01:32:25]} {[%emt 00:00:09]}
d6 {[%clk 01:32:22]} {[%emt 00:00:14]} 6. d4 {[%clk 01:32:38]} {[%emt
00:00:16]} Nbd7 {[%clk 01:31:30]} {[%emt 00:01:22]} 7. O-O {[%clk 01:32:23]}
{[%emt 00:00:46]} c5 {[%clk 01:31:19]} {[%emt 00:00:40]} 8. c4 {[%clk
01:31:04]} {[%emt 00:01:49]} Rb8 {[%clk 01:29:44]} {[%emt 00:02:05]} 9. Nc3
{[%clk 01:29:46]} {[%emt 00:01:47]} a6 {[%clk 01:27:21]} {[%emt 00:02:54]} 10.
a4 {[%clk 01:13:54]} {[%emt 00:16:22]} cxd4 {[%clk 01:26:49]} {[%emt 00:01:02]}
11. Nxd4 {[%clk 01:13:40]} {[%emt 00:00:43]} a5 {[%clk 01:26:32]} {[%emt
00:00:48]} 12. Qc2 {[%clk 01:09:01]} {[%emt 00:05:08]} Nc5 {[%clk 01:23:55]}
{[%emt 00:03:07]} 13. Rad1 {[%clk 01:06:08]} {[%emt 00:03:22]} Qb6 {[%clk
01:23:14]} {[%emt 00:01:12]} 14. Rfe1 {[%clk 01:03:04]} {[%emt 00:03:31]} Bd7
{[%clk 01:00:28]} {[%emt 00:23:20]} 15. h3 {[%clk 00:51:45]} {[%emt 00:11:49]}
Bc6 {[%clk 00:59:43]} {[%emt 00:01:15]} 16. e4 {[%clk 00:48:23]} {[%emt
00:03:52]} Rfe8 {[%clk 00:53:08]} {[%emt 00:07:05]} 17. Nd5 {[%clk 00:42:10]}
{[%emt 00:06:43]} Nxd5 {[%emt 00:01:10]} 18. exd5 {[%emt 00:01:02]} Bd7 {[%clk
00:51:16]} {[%emt 00:00:10]} 19. Re3 {[%clk 00:39:57]} {[%emt 00:02:42]} Bf6
{[%clk 00:46:24]} {[%emt 00:05:22]} 20. h4 {[%clk 00:36:16]} {[%emt 00:04:11]}
h5 {[%clk 00:43:16]} {[%emt 00:03:38]} 21. Kh2 {[%clk 00:32:22]} {[%emt
00:04:19]} Rbd8 {[%clk 00:27:53]} {[%emt 00:41:27]} 22. Bc3 {[%clk 00:27:51]}
Qc7 {[%clk 00:22:44]} 23. Qd2 {[%clk 00:27:19]} b6 {[%clk 00:22:27]} 24. Rde1
{[%clk 00:23:49]} Qc8 {[%clk 00:20:32]} 25. Qe2 {[%clk 00:19:57]} Bxd4 {[%clk
00:16:48]} {[%emt 00:02:02]} 26. Bxd4 {[%clk 00:20:19]} {[%emt 00:00:08]} e5
{[%clk 00:17:13]} {[%emt 00:00:05]} 27. dxe6 {[%clk 00:19:50]} {[%emt
00:00:59]} Rxe6 {[%clk 00:17:26]} {[%emt 00:00:17]} 28. Bd5 {[%clk 00:15:59]}
{[%emt 00:04:21]} Ree8 {[%clk 00:16:54]} {[%emt 00:01:02]} 29. Qd2 {[%clk
00:15:40]} {[%emt 00:00:43]} Rf8 {[%clk 00:12:46]} {[%emt 00:04:44]} 30. Rf3
{[%clk 00:12:36]} {[%emt 00:03:34]} 1-0

[Event "DVM U16 2023"]
[Site "Magdeburg GER"]
[Date "2023.12.29"]
[Round "6"]
[White "Radeke, Timothy"]
[Black "Semling, Julius"]
[Result "0-1"]
[Termination "normal"]
[Board "5.2"]
[WhiteElo "1504"]
[BlackElo "2085"]
[WhiteClock "00:53:24"]
[BlackClock "00:37:43"]
[WhiteTeam "SG Grün-Weiß Dresden"]
[BlackTeam "OSG Baden-Baden"]
[PlyCount "58"]
[WhiteFideId "16289412"]
[BlackFideId "16290160"]
[EventCountry "GER"]
[EventRounds "7"]
[EventType "team-swiss"]
[EventDate "2023.12.26"]

1. e4 {[%clk 01:30:57]} c5 {[%clk 01:30:59]} {[%emt 00:00:03]} 2. Nc3 {[%clk
01:31:19]} {[%emt 00:00:08]} d6 {[%clk 01:31:24]} {[%emt 00:00:06]} 3. f4
{[%clk 01:31:44]} {[%emt 00:00:04]} g6 {[%clk 01:31:13]} {[%emt 00:00:41]} 4.
Nf3 {[%clk 01:32:01]} {[%emt 00:00:13]} Bg7 {[%clk 01:31:33]} {[%emt 00:00:08]}
5. Bc4 {[%clk 01:32:17]} {[%emt 00:00:15]} Nc6 {[%clk 01:31:21]} {[%emt
00:00:43]} 6. O-O {[%clk 01:32:28]} {[%emt 00:00:18]} e6 {[%clk 01:31:31]}
{[%emt 00:00:21]} 7. d3 {[%clk 01:32:07]} {[%emt 00:00:51]} Nge7 {[%clk
01:31:41]} {[%emt 00:00:19]} 8. Qe1 {[%clk 01:32:14]} {[%emt 00:00:23]} O-O
{[%clk 01:31:54]} {[%emt 00:00:18]} 9. Qh4 {[%clk 01:32:27]} {[%emt 00:00:17]}
d5 {[%clk 01:30:18]} {[%emt 00:02:06]} 10. f5 {[%clk 01:26:24]} {[%emt
00:06:33]} dxc4 {[%clk 01:01:56]} {[%emt 00:28:52]} 11. f6 {[%clk 01:26:42]}
{[%emt 00:00:12]} Nf5 {[%clk 01:00:08]} {[%emt 00:02:18]} 12. exf5 {[%clk
01:26:56]} {[%emt 00:00:16]} Bxf6 {[%clk 01:00:37]} {[%emt 00:00:01]} 13. Ng5
{[%clk 01:24:27]} {[%emt 00:02:58]} Qd4+ {[%clk 01:00:01]} {[%emt 00:01:06]}
14. Qxd4 {[%clk 01:24:50]} {[%emt 00:00:08]} Bxd4+ {[%clk 00:59:15]} {[%emt
00:01:16]} 15. Kh1 {[%clk 01:25:10]} {[%emt 00:00:09]} exf5 {[%clk 00:55:06]}
{[%emt 00:04:39]} 16. dxc4 {[%clk 01:24:47]} {[%emt 00:00:54]} h6 {[%clk
00:52:16]} {[%emt 00:03:19]} 17. Nf3 {[%clk 01:23:33]} {[%emt 00:01:45]} Bg7
{[%clk 00:50:35]} {[%emt 00:02:09]} 18. Bf4 {[%clk 01:19:45]} {[%emt 00:04:20]}
b6 {[%clk 00:49:27]} {[%emt 00:01:37]} 19. Rab1 {[%clk 01:12:42]} {[%emt
00:07:33]} Be6 {[%clk 00:45:51]} {[%emt 00:04:04]} 20. Nd5 {[%clk 01:09:59]}
{[%emt 00:03:14]} Rad8 {[%clk 00:44:04]} {[%emt 00:02:16]} 21. Rfd1 {[%clk
01:09:53]} {[%emt 00:00:37]} Rd7 {[%clk 00:42:39]} {[%emt 00:01:53]} 22. b3
{[%clk 01:08:26]} {[%emt 00:01:59]} g5 {[%clk 00:41:33]} {[%emt 00:01:37]} 23.
Bg3 {[%clk 01:01:49]} {[%emt 00:07:08]} f4 {[%clk 00:39:50]} {[%emt 00:02:11]}
24. Be1 {[%clk 01:01:25]} {[%emt 00:00:54]} Rfd8 {[%clk 00:39:23]} {[%emt
00:00:58]} 25. Nc3 {[%clk 01:00:58]} {[%emt 00:00:57]} Bf5 {[%clk 00:38:31]}
{[%emt 00:01:19]} 26. Rxd7 {[%clk 01:00:14]} {[%emt 00:01:17]} Rxd7 {[%clk
00:38:51]} {[%emt 00:00:10]} 27. Rc1 {[%clk 01:00:09]} {[%emt 00:00:34]} Nb4
{[%clk 00:37:31]} {[%emt 00:01:48]} 28. Ng1 {[%clk 00:53:08]} {[%emt 00:07:32]}
Bxc3 {[%clk 00:37:15]} {[%emt 00:00:48]} 29. Bxc3 {[%clk 00:53:24]} {[%emt
00:00:14]} Nxa2 {[%clk 00:37:43]} {[%emt 00:00:02]} 0-1